01311nam a2200301 i 4500001001000000003000900010005001700019007000300036008004100039020001800080040003000098041000700128082001800135111011200153245009900265264004700364300003600411336002700447337003300474338002800507500015900535505012400694590002700818910000700845942001400852952012600866999001700992000015838DO-SdBNP20250722135531.0ta250722s2018 dr 000 0 spa d a9789945910032 aDO-SdBNPbspacBNPHUerda asp 4axxxbS4712222 aSeminario sobre Situación del Suelo en el Municipio de Boca Chican(1 :cSanto Domingo :d 2018 ) 93564810aSituación del suelo en el municipio de Boca Chica /ccoordinador, Ricardo González Camacho aSanto Domingo :bCiudad Alternativa,c2018 a2 v. :bilustraciones ;c26 cm. ardacontentbtexto2txt ardamediabsin mediación2n ardacarrierbvolumen2nc aProyecto Concertación para la Acción : por un desarrollo inclusivo, sostenible y con participación popular. Con el financiamiento de Unión Europa. gv.1.tBoca Chica agenda de desarrollo local --gv.2.tDiagnóstico sobre conflictos socioterritoriales en Boca Chica . aInventariado, 2025/ DG aDG 2ddccLBS1 00102ddc51708PDaBNPHUbBNPHUcCTd2025-07-22edonaciónl0oBNPHU PD S471sp2025-7050r2025-07-22w2025-07-22yLBS1 c59610d59610